书目信息 |
| 题名: |
主要食品成分的辐射化学
|
|
| 作者: | 伊莱亚斯 , Elias , 科恩 , Cohen 主编 ;陈祖荫 译 | |
| 分册: | ||
| 出版信息: | 北京 原子能出版社 1982 |
|
| 页数: | 233页 | |
| 开本: | 19cm | |
| 丛书名: | ||
| 单 册: | ||
| 中图分类: | R155.5 | |
| 科图分类: | ||
| 主题词: | 食品卫生-辐射化学 , 辐射化学-食品卫生 | |
| 电子资源: | ||
| ISBN: | ||
| 000 | 01000nam0 2200301 45 | |
| 001 | 0182005225 | |
| 005 | 20060819081720.26 | |
| 010 | @dCNY0.97 | |
| 091 | @a15175.419 | |
| 100 | @a19950601d1982 k y0chiy0121 ea | |
| 101 | 0 | @achi |
| 102 | @aCN@b110000 | |
| 105 | @ay z 000yy | |
| 200 | 10 | @a主要食品成分的辐射化学@Azhu yao shi pin cheng fen de fu she hua xue@e关于辐射食品卫生安全性的评价@f( )伊莱亚斯(P.S.Elias), ( )科恩(A.J.Cohen)主编@g陈祖荫译 |
| 210 | @a北京@c原子能出版社@d1982 | |
| 215 | @a233页@d19cm | |
| 517 | 1 | @a关于辐射食品卫生安全性的评价@Aguan yu fu she shi pin wei sheng an quan xing de ping jia |
| 606 | @a食品卫生-辐射化学 | |
| 606 | @a辐射化学-食品卫生 | |
| 690 | @aR155.5@v3 | |
| 701 | 1 | @a伊莱亚斯@Ayi lai ya si@bP.S.@4主编 |
| 701 | A1 | @aElias@bP.S.@4主编 |
| 701 | 1 | @a科恩@Ake en@bA.J.@4主编 |
| 701 | A1 | @aCohen@bA.J.@4主编 |
| 702 | 0 | @a陈祖荫@Achen zu yin@4译 |
| 801 | 2 | @aCN@bNLC@c20060819 |
| 801 | 0 | @aCN@bTSSF@c20060816 |
| 905 | @a10447@dR155.5@e41 | |
| 主要食品成分的辐射化学:关于辐射食品卫生安全性的评价/( )伊莱亚斯(P.S.Elias), ( )科恩(A.J.Cohen)主编/陈祖荫译.-北京:原子能出版社,1982 |
| 233页;19cm |
| ISBN :CNY0.97 |
| ● |
| 相关链接 |
|
|
|
|
正题名:主要食品成分的辐射化学
索取号:R155.5/41
 
预约/预借
| 序号 | 登录号 | 条形码 | 馆藏地/架位号 | 状态 | 备注 |
| 1 | 0458366 | 204583664 | 密集书库/ [索取号:R155.5/41] | 在馆 | |
| 2 | 0458367 | 204583673 | 密集书库/ [索取号:R155.5/41] | 在馆 | |
| 3 | 0458684 | 204586849 | 密集书库/ [索取号:R155.5/41] | 在馆 | |
| 4 | 0458869 | 204588696 | 密集书库/ [索取号:R155.5/41] | 在馆 | |
| 5 | 0458897 | 204588972 | 密集书库/ [索取号:R155.5/41] | 在馆 |